| 000 | 00694nam a2200217Ia 4500 | ||
|---|---|---|---|
| 008 | 101110s9999 xx 000 0 und d | ||
| 041 | _aENGLISH | ||
| 082 | _bJR6165 | ||
| 100 | _aJadhav B.P.,Patwardhan P.D.,Kasarekar R.T.,Kubade M.K.,Aithal U.B, & etc | ||
| 245 | _aText Book Of Mathematics & Statistics(Science) XI Paper - I | ||
| 260 |
_c2009 _bPhadake prakashan,Kolhapur |
||
| 300 | _a248 | ||
| 365 | _b46 | ||
| 520 | _amathematics | ||
| 546 | _aENGLISH | ||
| 630 | _aText Book Of Mathematics & Statistics(Science) XI Paper - I | ||
| 650 | _amathematics | ||
| 655 | _amathematics | ||
| 730 | _aText Book Of Mathematics & Statistics(Science) XI Paper - I | ||
| 942 | _cBOOK | ||
| 999 |
_c796958 _d796955 |
||